| 000 | 00863nam a2200181Ia 4500 | ||
|---|---|---|---|
| 008 | 151202s9999||||xx |||||||||||||| ||und|| | ||
| 082 | _bPNVM-81766 | ||
| 100 | _aकेळकर भालबा. | ||
| 245 | _aप्राचिन भारतीय शास्त्रज्ञ आणि संशोधक. | ||
| 260 | _b"कनक बुक्स,कुमारवाङमय विभाग,डायमंड पब्लिकेशन्स पुणे 30." | ||
| 260 | _c2012 | ||
| 300 | _a156 | ||
| 600 | _aकेळकर भालबा. | ||
| 630 | _aप्राचिन भारतीय शास्त्रज्ञ आणि संशोधक. | ||
| 700 | _aकेळकर भालबा. | ||
| 730 | _aप्राचिन भारतीय शास्त्रज्ञ आणि संशोधक. | ||
| 942 | _cBOOK | ||
| 999 |
_c1346374 _d1346371 |
||